000 00218nam a2200109Ia 4500
008 190216s9999||||xx |||||||||||||| ||und||
100 _aUnknown
245 0 _aMashi
260 _bNull
650 _aEnglish
942 _cBK
999 _c23518
_d23518